000 01335nam a2200397 c 4500
999 _c48712
_d48712
001 48712
003 ES-MaCES
005 20210716114857.0
008 161227s2016 sp ||| ||spa d
017 _aM 29367-2016
_bDL
020 _a9788446043621
040 _aES-MaCES
_bspa
_cES-MaCES
100 1 _aRomero Laullón, Ricardo
_937668
245 1 3 _aLa clase obrera no va al paraíso
_b: crónica de una desaparición forzada
_cRicardo Romero Laullón (Nega), Arantxa Tirado Sánchez ; pr. de Owen Jones
260 _aMadrid
_bAkal
_c[2016]
300 _a377, [3] p.
_c22 cm
490 1 _aAkal / Pensamiento crítico
_v52
504 _aBibliografía: p. 365-377
541 _cCompra
650 4 _aclase trabajadora
_927300
650 4 _acapitalismo
_927116
650 4 _aevaluación del impacto
_930732
650 4 _afuturo del trabajo
_930756
650 4 _aempleo precario
_930171
650 4 _acambio social
_927286
650 4 _acambio cultural
_927262
650 4 _amovimiento político
_929901
650 4 _ateoría social
_927032
650 4 _ateoría política
_927233
653 1 0 _aCiencias Sociales-Políticas
700 1 _937669
_aTirado Sánchez, Arantxa
700 1 _915517
_aJones, Owen
_epr.
830 _aPensamiento crítico (Akal)
_v52
_936286
902 _aLIB Libro
942 _2CES
_cBK
_h7.0.